| 000 | 00672cam a22002174a 4500 | ||
|---|---|---|---|
| 020 | _a0821350781 | ||
| 040 | _cDLC | ||
| 082 | 0 | 0 | _a337 WOR 2003 A074 Co. |
| 100 | 1 | _aSchiff, Maurice W. | |
| 245 | 1 | 0 | _aRegional integration and development / |
| 260 |
_aWashington, DC : _bWorld Bank ; _a[s.l.] : _bOxford University Press, _cc2003. |
||
| 300 |
_axvii, 321 p. : _bill. ; _c23 cm. |
||
| 650 | 0 | _aTrade blocs. | |
| 650 | 0 | _aRegionalism. | |
| 650 | 0 | _aCommercial policy. | |
| 650 | 0 | _aFree trade. | |
| 650 | 0 | _aInternational economic relations. | |
| 700 | 1 | _aWinters, L. Alan. | |
| 856 | 4 | 2 | _uhttp://www.loc.gov/catdir/enhancements/fy0613/2002074094-d.html |
| 942 | _cEK | ||
| 999 |
_c15100 _d15100 |
||